| 000 | 00529nam a22001697a 4500 | ||
|---|---|---|---|
| 999 |
_c62238 _d62238 |
||
| 005 | 20240829122104.0 | ||
| 008 | 240829c2004 enk||||| |||| 00| 0 eng d | ||
| 022 | _a0031 8221. | ||
| 041 | _aeng | ||
| 245 |
_aPhilosophy East and West : _b2004. A Quarterly of Comparative Philosophy / _c Editor R. T. Ames. |
||
| 260 |
_aHong Kong, _c2004. |
||
| 300 | _aV. | ||
| 653 | _aფილოსოფია | ||
| 653 | _a პერიოდიკა | ||
| 700 |
_a Ames, R. T _eრედაქტორი _923137 |
||
| 942 |
_2udc _cCR |
||